Normal view
MARC view
- سامي ، فوزي محمد ،مؤلف
Entry Personal Name
001 - CONTROL NUMBER
- control field: 25350
003 - CONTROL NUMBER IDENTIFIER
- control field: JO-AjAnu
005 - DATE AND TIME OF LATEST TRANSACTION
- control field: 20230606074331.0
008 - FIXED-LENGTH DATA ELEMENTS
- fixed length control field: 230606|| aca||aabn | a|a d
040 ## - CATALOGING SOURCE
- Original cataloging agency: JO-AjAnu
- Transcribing agency: JO-AjAnu
100 ## - HEADING--PERSONAL NAME
- Personal name: سامي ، فوزي محمد ،مؤلف
670 ## - SOURCE DATA FOUND
- Source citation: Work cat.: (JO-AjAnu)13038: سامي ، فوزي محمد ،مؤلف, author, التحكيم التجاري الدولي : دراسة مقارنة لاحكام التحكيم التجاري الدولي